| 000 | 00755nam a2200229 i 4500 | ||
|---|---|---|---|
| 001 | 14430 | ||
| 003 | ES-MaACL | ||
| 005 | 20250831014813.0 | ||
| 007 | t| | ||
| 008 | 980703s1997 sp |||| | spa j | ||
| 020 | _a84-98753-91-1 | ||
| 080 | _a973 | ||
| 100 | 1 |
_aZinn, Howard. _9118290 |
|
| 245 | 1 | 3 |
_aLa otra historia de los Estados Unidos _b: (desde 1492 hasta hoy) / _cHoward Zinn ; edición reducida y revisada por el autor. |
| 260 |
_aHondarribia : _bHiru, _cD.L. 1997. |
||
| 300 |
_a627 p. ; _c17 cm. |
||
| 490 | 1 |
_aLas otras voces ; _v3 |
|
| 651 | 4 |
_aEstados Unidos- _xHistoria _98540 |
|
| 830 | 0 |
_aLas otras voces ; _v3 _9179741 |
|
| 852 |
_aES-MaACL _jL-21602 _z. - Dedicatoria autógrafa del autor |
||
| 999 |
_c14430 _d14430 |
||